000 00941nam a2200265 i 4500
001 000038604
003 DO-SdBNP
005 20260325092010.0
007 ta
008 130416s1999 dr 000 0 spa d
040 _aDO-SdBNP
_bspa
_cBNPHU
_erda
082 _axxx
_bS941
_222
100 1 _aSubero Isa, Jorge A.,
_d1947-
_976863
_eautor
_4aut.
245 1 0 _aDiscurso pronunciado por el doctor Jorge A. Subero Isa en ocación de la conmemoración del Día del Poder Judicial en audiencia solemne celebrada por la Suprema Corte de Justicia /
_cJorge A. Subero Isa.
264 _aSanto Domingo :
_bSuprema Corte de Justicia,
_c1999.
300 _a48 p. ;
_c22 cm.
336 _atexto
_btxt
_2rdacontent
337 _asin mediación
_bn
_2rdamedia
338 _avolumen
_bnc
_2rdacarrier
500 _aDía del Poder Judicial.
590 _aInventariado, 2025/ YL
650 0 _aPoder judicial
_9556
910 _aYlockward
942 _2ddc
_cLF2
999 _c38094
_d38094